| 000 | 01137cam a22003255a 4500 | ||
|---|---|---|---|
| 003 | EG-ScBUE | ||
| 005 | 20220607121623.0 | ||
| 008 | 101014r20112007enka f 000 0 eng d | ||
| 020 | _a0194715614 | ||
| 020 | _a9780194715614 | ||
| 040 |
_aEG-ScBUE _beng _erda _cEG-ScBUE _dEG-ScBUE |
||
| 082 | 0 | 4 |
_a428.24 _bSOA _222 |
| 100 | 1 |
_aSoars, Liz, _d1945- _eauthor. _934639 |
|
| 245 | 1 | 0 |
_aNew headway plus : _belementary, _pTeacher's book / _cLiz and John Soars, Amanda Maris. |
| 246 | 3 | 0 | _aTeacher's book |
| 250 | _aReprinted edition. | ||
| 264 | 1 |
_aOxford : _bOxford University Press, _c2011. |
|
| 300 |
_a160 pages : _billustrations ; _c28 cm |
||
| 336 |
_2rdacontent _atext _btxt |
||
| 337 |
_2rdamedia _aunmediated _bn |
||
| 338 |
_2rdacarrier _avolume _bnc |
||
| 650 | 7 |
_aEnglish language _vTextbooks for foreign speakers. _2BUEsh _920408 |
|
| 650 | 7 |
_aEnglish language _xGrammar _v Problems, exercises. _2BUEsh _920409 |
|
| 651 | _2BUEsh | ||
| 653 |
_bHHUUEENN _cAugust2015 _cNovember2018 |
||
| 655 |
_vReading book _934232 |
||
| 700 | 1 |
_aSoars, John, _d1951- _eauthor. _92160 |
|
| 700 | 1 |
_aMaris, Amanda, _eauthor. _920410 |
|
| 942 |
_cBB _2ddc |
||
| 999 |
_c8140 _d8140 |
||